Difficult Geography-US - Statistics

General Stats
  • This quiz has been taken 18 times
    17 since last reset
  • The average score is 31 of 40
Answer Stats
Hint Answer % Correct
1) What famous former prison sits ona rock in the middle of SF Bay? Alcatraz
100%
2) What is the largest city in New England? Boston
100%
29) What low lying area in CA has been recordedas the hottest place on Earth? Death Valley
100%
4) What river runs from Minnesota to the Gulf of Mexico? Mississippi
100%
12) What famous mountain features4 presidents carved into it? Mount Rushmore
100%
20) In what city would you find the Gateway Arch? St Louis
100%
13) What did the US purchase from Russiain 1867 under William Sewards negotiation? Alaska
94%
23) What river cuts through the Grand Canyon? Colorado
94%
6) What remote, swampy park covers a largepart of SW Florida? Everglades
94%
24) What famous hydroelectric dam sits onthe AZ-NV border? Hoover
94%
16) State in which the above is in Maine
94%
3) What city is often called the Big Easy? New Orleans
94%
14) What is the oldest US park? Yellowstone
94%
37) In what suburb of LA would you find DisneyLand? Anaheim
88%
18) What peak was formerly known asMt McKinley? Denali
88%
5) What major city lies across the RioGrande from Juarez, Mexico? El Paso
88%
17) What river in NY is named for the Dutchexplorer who discovered it? Hudson
88%
34) In what state would you find Badlands National Park? South Dakota
88%
38) What city south of Seattle shares a name with a popular Toyota truck? Tacoma
88%
31) Famous alpine lake on the CA-NV border Tahoe
88%
39) IAD and DCA airports serve what city? Washington DC
88%
33) What city is also called the Steel capital? Pittsburgh
81%
15) What is the only national park in New England? Acadia
75%
32) What Kansas town was once called the"wickedest town in the west" during the late 1800s? Dodge City
75%
30) Desert that the above is part of Mojave
75%
21) What area of eastern NC is a narrow strip ofland bounded by the Pamlico Sound and Atlantic Ocean? Outer Banks
75%
22) What city, founded in 1565, is the oldestin the US? St Augustine
75%
26) In what citys harbor did Francis Scott Keywrite the Star Spangled Banner? Baltimore
69%
8) Mt Whitney is located in what state? California
69%
25) Reservoir that supplies the above Lake Mead
63%
40) What is the northern, more remote part of Michiganknown as? Upper Peninsula
63%
27) Mountain range that runs through northern NY state Adirondack
56%
28) Large lake that straddles the NY-VT border Champlain
56%
7) Gatlinburg, TN lies in the foothills of what range? Great Smoky Mountains
56%
19) What peak can be seen from Seattle? Rainier
56%
9) Mountain range the above is in Sierra Nevada
50%
11) Big Bend Park lies in the SW part ofwhat state? Texas
50%
36) What famous curved peak is a popular climbingspot in Yosemite Park? Half Dome
31%
10) What city is often called "The Valley"? Phoenix
25%
35) What remote Montana lake has been called the"clearest water on Earth"? Flathead
0%
No matching quizzes found
Score Distribution
Percent of People with Each Score
Percentile by Number Answered
Your Score History
You have not taken this quiz since the last reset